[Event "Caxambu op"]
[Site "Caxambu"]
[Date "2020.03.08"]
[Round "5"]
[White "Miguel, Gabriel Carvalho Mo"]
[Black "Mendes Domingues, Ribeiro Matheus"]
[Result "1/2-1/2"]
[WhiteElo "2230"]
[BlackElo "2157"]
[PlyCount "31"]
[EventDate "2020.03.06"]
[EventType "swiss"]
[EventRounds "6"]
[EventCountry "BRA"]
[SourceTitle "CBM 195 Extra"]
[Source "ChessBase"]
[SourceDate "2020.05.31"]
[SourceVersion "1"]
[SourceVersionDate "2020.05.31"]
[SourceQuality "1"]

1. e4 c5 2. Nf3 Nc6 3. d4 cxd4 4. Nxd4 Nf6 5. Nc3 e6 6. Ndb5 Bb4 7. a3 Bxc3+ 8. Nxc3 d5 9. exd5 exd5 10. Bg5 d4 11. Qe2+ Be6 12. Ne4 Qb6 13. 0-0-0 Nxe4 14. Qxe4 Qc5 15. h4 h6 16. Bf4 1/2-1/2

[Event "Florianopolis op 6th"]
[Site "Florianopolis"]
[Date "2020.01.23"]
[Round "5"]
[White "Jorge, Denrick Cabral Jose"]
[Black "Miguel, Gabriel Carvalho Mo"]
[Result "1-0"]
[WhiteElo "1866"]
[BlackElo "2245"]
[PlyCount "81"]
[EventDate "2020.01.20"]
[EventType "swiss"]
[EventRounds "10"]
[EventCountry "BRA"]
[SourceTitle "CBM 194 Extra"]
[Source "ChessBase"]
[SourceDate "2020.03.31"]
[SourceVersion "1"]
[SourceVersionDate "2020.03.31"]
[SourceQuality "1"]

1. e4 c5 2. Nc3 e6 3. g3 d5 4. exd5 exd5 5. Bg2 Nf6 6. Nge2 d4 7. Ne4 Nd5 8. d3 f5 9. Nf4 Nxf4 10. Bxf4 Be7 11. Ng5 0-0 12. Qh5 Bxg5 13. Bxg5 Re8+ 14. Kd2 Qa5+ 15. c3 Bd7 16. Bd5+ Kh8 17. Bf7 Qb6 18. Rab1 Rf8 19. Bb3 Nc6 20. Rhe1 a5 21. Be7 Nxe7 22. Rxe7 a4 23. Qg5 Qf6 24. Qxf6 Rxf6 25. Rxd7 axb3 26. axb3 dxc3+ 27. Kxc3 b6 28. Re1 h6 29. Ree7 Rg6 30. Rf7 Ra1 31. Rxf5 Re6 32. Kc4 Rb1 33. Rff7 Rg6 34. h4 Rxb2 35. h5 Rg5 36. Kc3 Re2 37. Rd8+ Kh7 38. g4 b5 39. Rff8 b4+ 40. Kc4 Rxg4+ 41. Kb5 1-0

[Event "Florianopolis op 6th"]
[Site "Florianopolis"]
[Date "2020.01.21"]
[Round "3"]
[White "Fier, Alexandr"]
[Black "Miguel, Gabriel Carvalho Mo"]
[Result "1/2-1/2"]
[WhiteElo "2528"]
[BlackElo "2245"]
[PlyCount "90"]
[EventDate "2020.01.20"]
[EventType "swiss"]
[EventRounds "10"]
[EventCountry "BRA"]
[SourceTitle "CBM 194 Extra"]
[Source "ChessBase"]
[SourceDate "2020.03.31"]
[SourceVersion "1"]
[SourceVersionDate "2020.03.31"]
[SourceQuality "1"]

1. e4 c5 2. Nf3 e6 3. d4 cxd4 4. Nxd4 Nc6 5. Nc3 Qc7 6. Be3 a6 7. a3 Nf6 8. f4 d6 9. Qf3 b5 10. Nxc6 Qxc6 11. Bd3 Bb7 12. 0-0 Be7 13. Rae1 d5 14. e5 Nd7 15. Ne2 g6 16. Nd4 Qc7 17. c3 Nb6 18. Qh3 Nc4 19. Bc1 Bc5 20. Kh1 Qb6 21. b3 Bxd4 22. cxd4 Na5 23. Bd2 Nxb3 24. Bb4 Nxd4 25. Rc1 Nc6 26. Bc5 Qc7 27. Bxg6 0-0-0 28. Bd6 hxg6 29. Bxc7 Rxh3 30. Bxd8 Rxa3 31. Bb6 b4 32. h4 a5 33. h5 gxh5 34. f5 Rc3 35. Rxc3 bxc3 36. fxe6 fxe6 37. Rf8+ Kd7 38. Rf7+ Ke8 39. Rxb7 d4 40. Rc7 d3 41. Rxc6 d2 42. Rc8+ Kf7 43. Rxc3 d1Q+ 44. Kh2 a4 45. Bc5 Kg6 1/2-1/2

[Event "Florianopolis op 6th"]
[Site "Florianopolis"]
[Date "2020.01.21"]
[Round "2"]
[White "Miguel, Gabriel Carvalho Mo"]
[Black "Tomiello, Lucas Costamilan"]
[Result "1-0"]
[WhiteElo "2245"]
[BlackElo "2039"]
[PlyCount "113"]
[EventDate "2020.01.20"]
[EventType "swiss"]
[EventRounds "10"]
[EventCountry "BRA"]
[SourceTitle "CBM 194 Extra"]
[Source "ChessBase"]
[SourceDate "2020.03.31"]
[SourceVersion "1"]
[SourceVersionDate "2020.03.31"]
[SourceQuality "1"]

1. e4 c5 2. Nf3 d6 3. Bb5+ Nd7 4. d4 cxd4 5. Qxd4 a6 6. Bxd7+ Bxd7 7. c4 e5 8. Qd3 b5 9. Nc3 bxc4 10. Qxc4 Be6 11. Qd3 h6 12. 0-0 Nf6 13. b3 Be7 14. Bb2 0-0 15. Rfd1 Qb6 16. Nd2 Rfc8 17. Nf1 Qb4 18. f3 Rab8 19. Ne3 g6 20. Rd2 a5 21. Rad1 Rc6 22. Ncd5 Bxd5 23. exd5 Rc5 24. Qa6 Rcc8 25. Kh1 Nd7 26. Qe2 a4 27. Nc2 Qh4 28. g3 Qh5 29. b4 Bg5 30. g4 Qh3 31. Rd3 Bf4 32. a3 Bxh2 33. Bc3 Bf4+ 34. Kg1 Rc7 35. Ne1 Rbc8 36. Bd2 Qg3+ 37. Kf1 Bxd2 38. R3xd2 Nf6 39. Rd3 h5 40. gxh5 Nxh5 41. Ng2 Qg5 42. Kf2 Rc2 43. R1d2 Qg3+ 44. Ke3 R2c3 45. Rxc3 Rxc3+ 46. Rd3 Rxd3+ 47. Kxd3 Qxg2 48. Qxg2 Nf4+ 49. Kd2 Nxg2 50. b5 e4 51. fxe4 Nh4 52. Ke2 Ng2 53. b6 Nf4+ 54. Ke3 Ng2+ 55. Kf2 Nf4 56. b7 Nd3+ 57. Ke3 1-0

[Event "Florianopolis op 4th"]
[Site "Florianopolis"]
[Date "2018.01.24"]
[Round "8"]
[White "Felix, Raimundo Nascimento"]
[Black "Miguel, Gabriel Carvalho Mo"]
[Result "0-1"]
[WhiteElo "1879"]
[BlackElo "2226"]
[PlyCount "60"]
[EventDate "2018.01.19"]
[EventType "swiss"]
[EventRounds "10"]
[EventCountry "BRA"]
[SourceTitle "EXT 2019"]
[Source "ChessBase"]
[SourceDate "2018.10.10"]
[SourceVersion "1"]
[SourceVersionDate "2018.10.10"]
[SourceQuality "1"]

1. e4 c5 2. Nc3 e6 3. Nf3 Nc6 4. Bb5 Nge7 5. d4 cxd4 6. Nxd4 a6 7. Be2 Nxd4 8. Qxd4 Nc6 9. Qe3 Nb4 10. Bd1 Qc7 11. a3 Nc6 12. Qg3 Qxg3 13. hxg3 b5 14. Be3 Be7 15. f4 Bb7 16. Bf3 Na5 17. Ne2 Nc4 18. Bd4 f6 19. Bh5+ Kf8 20. Bf3 Rc8 21. Rd1 d6 22. Rd3 Bd8 23. Rc3 e5 24. fxe5 dxe5 25. Ba7 Nxb2 26. Bg4 Ra8 27. Bc5+ Kf7 28. Bh5+ g6 29. Bg4 Na4 30. 0-0 Nxc5 0-1

[Event "Florianopolis op 4th"]
[Site "Florianopolis"]
[Date "2018.01.20"]
[Round "2"]
[White "Da Silva Junior, Sediney Mari"]
[Black "Miguel, Gabriel Carvalho Mo"]
[Result "0-1"]
[WhiteElo "1986"]
[BlackElo "2226"]
[PlyCount "88"]
[EventDate "2018.01.19"]
[EventType "swiss"]
[EventRounds "10"]
[EventCountry "BRA"]
[SourceTitle "CBM 182 Extra"]
[Source "ChessBase"]
[SourceDate "2018.02.23"]
[SourceVersion "1"]
[SourceVersionDate "2018.02.23"]
[SourceQuality "1"]

1. e4 c5 2. c3 Nf6 3. e5 Nd5 4. d4 cxd4 5. Nf3 e6 6. cxd4 d6 7. Bc4 Nc6 8. 0-0 Be7 9. Nc3 Nxc3 10. bxc3 dxe5 11. dxe5 Qxd1 12. Rxd1 Bd7 13. Be3 b6 14. Rd2 Rc8 15. Ba6 Rc7 16. a4 Na5 17. Rd3 Nb3 18. Ra2 Bc5 19. Bb5 Bxe3 20. Rxe3 Ke7 21. c4 Na5 22. Nd2 Bc8 23. c5 Rxc5 24. h3 Rd8 25. Nf3 Bb7 26. Ng5 h6 27. Nf3 Rd1+ 28. Kh2 Bxf3 29. gxf3 Nc4 30. Rb3 Nxe5 31. a5 Nxf3+ 32. Rxf3 Rxb5 33. axb6 axb6 34. Ra7+ Rd7 35. Rxd7+ Kxd7 36. Rxf7+ Kd6 37. Rxg7 Rf5 38. Kg3 Rg5+ 39. Rxg5 hxg5 40. f4 b5 41. fxg5 b4 42. g6 Ke7 43. Kf4 b3 44. Kg5 b2 0-1

[Event "Florianopolis op 4th"]
[Site "Florianopolis"]
[Date "2018.01.20"]
[Round "3"]
[White "Miguel, Gabriel Carvalho Mo"]
[Black "Rodriguez Vila, Andres"]
[Result "1/2-1/2"]
[WhiteElo "2226"]
[BlackElo "2459"]
[PlyCount "114"]
[EventDate "2018.01.19"]
[EventType "swiss"]
[EventRounds "10"]
[EventCountry "BRA"]
[SourceTitle "EXT 2019"]
[Source "ChessBase"]
[SourceDate "2018.10.10"]
[SourceVersion "1"]
[SourceVersionDate "2018.10.10"]
[SourceQuality "1"]

1. e4 e6 2. d4 d5 3. Nd2 a6 4. Ngf3 c5 5. exd5 exd5 6. Be2 cxd4 7. Nb3 Bd6 8. 0-0 Ne7 9. Nbxd4 0-0 10. c3 h6 11. Re1 Ng6 12. Bf1 Qf6 13. Qb3 Rd8 14. g3 Nc6 15. Bg2 Bf8 16. Qb6 Rd6 17. Qc7 Nd8 18. h4 Bg4 19. Be3 b6 20. Nh2 Bc8 21. h5 Rd7 22. Ng4 Rxc7 23. Nxf6+ gxf6 24. hxg6 Bb7 25. gxf7+ Kxf7 26. Nf5 b5 27. Bxh6 Bxh6 28. Nxh6+ Kg6 29. Ng4 b4 30. cxb4 d4 31. Re8 Rb8 32. Rd1 Kf7 33. Re2 Bxg2 34. Kxg2 Rxb4 35. Nh2 Rd7 36. Red2 Ne6 37. Nf3 a5 38. a3 Rc4 39. b3 Rc3 40. Nxd4 Nxd4 41. Rxd4 Rxd4 42. Rxd4 Rxb3 43. Ra4 Rb5 44. g4 Kg6 45. f4 f5 46. g5 Kh5 47. Kf3 Rb3+ 48. Ke2 Kg4 49. Kd2 Rg3 50. Kc2 Rg2+ 51. Kc3 Rg3+ 52. Kd2 Rg2+ 53. Ke3 Rg3+ 54. Ke2 Rg2+ 55. Kf1 Rg3 56. Kf2 Rf3+ 57. Ke2 Rb3 1/2-1/2

[Event "Florianopolis zt 2.4"]
[Site "Florianopolis"]
[Date "2017.04.30"]
[Round "8"]
[White "Condori Aranya, Edwin"]
[Black "Miguel, Gabriel Carvalho Mo"]
[Result "0-1"]
[WhiteElo "2138"]
[BlackElo "2216"]
[PlyCount "140"]
[EventDate "2017.04.26"]
[EventType "swiss"]
[EventRounds "9"]
[EventCountry "BRA"]
[SourceTitle "CBM 178 Extra"]
[Source "ChessBase"]
[SourceDate "2017.06.22"]
[SourceVersion "1"]
[SourceVersionDate "2017.06.22"]
[SourceQuality "1"]

1. Nf3 Nf6 2. c4 e6 3. g3 d5 4. Bg2 dxc4 5. Qa4+ c6 6. Qxc4 b5 7. Qc2 Bb7 8. 0-0 Be7 9. b3 0-0 10. Bb2 Nbd7 11. d3 Rc8 12. Nbd2 a6 13. Rac1 c5 14. Qb1 Ne8 15. Qa1 Bf6 16. d4 Rc7 17. Rfd1 cxd4 18. Bxd4 Bxd4 19. Qxd4 Nef6 20. Qd6 Rc8 21. Qa3 Qb6 22. Rxc8 Rxc8 23. Rc1 Rc7 24. Qb2 h6 25. h3 Nd5 26. a3 a5 27. Rc2 Ba6 28. e4 N5f6 29. Rxc7 Qxc7 30. Bf1 Qb6 31. Qd4 Qc6 32. b4 axb4 33. axb4 Bb7 34. Bd3 Qc1+ 35. Kh2 e5 36. Qa7 Bc6 37. Qa6 Nf8 38. Qc8 Qa3 39. Nxe5 Be8 40. Qc2 Qxb4 41. Nb3 Ne6 42. Nf3 Bd7 43. Kg2 g6 44. Ne5 Be8 45. Nf3 Nd7 46. Nfd2 Ndc5 47. f3 Bd7 48. h4 Kf8 49. Kf2 Ke7 50. f4 Bc6 51. f5 Nxb3 52. Nxb3 Nd4 53. Nxd4 Qxd4+ 54. Ke2 Bd7 55. g4 gxf5 56. gxf5 Qe5 57. Kf3 h5 58. Qb3 Qc5 59. Qd5 Qxd5 60. exd5 f6 61. Ke4 Kd6 62. Kd4 Be8 63. Be2 b4 64. Bd1 Bf7 65. Bb3 Be8 66. Bd1 Bf7 67. Bb3 Bg8 68. Ba2 Bh7 69. Bb1 b3 70. Be4 Bg8 0-1

[Event "Florianopolis zt 2.4"]
[Site "Florianopolis"]
[Date "2017.04.30"]
[Round "7"]
[White "Miguel, Gabriel Carvalho Mo"]
[Black "Proudian, Armen"]
[Result "0-1"]
[WhiteElo "2216"]
[BlackElo "2437"]
[PlyCount "96"]
[EventDate "2017.04.26"]
[EventType "swiss"]
[EventRounds "9"]
[EventCountry "BRA"]
[SourceTitle "CBM 178 Extra"]
[Source "ChessBase"]
[SourceDate "2017.06.22"]
[SourceVersion "1"]
[SourceVersionDate "2017.06.22"]
[SourceQuality "1"]

1. e4 e5 2. Nf3 Nc6 3. Bb5 a6 4. Bxc6 dxc6 5. 0-0 Bg4 6. h3 Bh5 7. g4 Bg6 8. Nxe5 Qh4 9. Qf3 f6 10. Nxg6 hxg6 11. Kg2 g5 12. Qg3 Qh7 13. d3 Bd6 14. f4 Ne7 15. e5 gxf4 16. Bxf4 fxe5 17. Bg5 0-0-0 18. Bxe7 Bxe7 19. Nc3 Bg5 20. Rf3 Bf4 21. Qf2 b6 22. Ne4 Qg6 23. Qe2 Kb7 24. Nf2 Rh6 25. a3 Qe6 26. Qe4 Rdh8 27. Qe2 Qd5 28. Qe4 Qd6 29. Qe2 Rf8 30. Rf1 Qd5 31. c3 Qd7 32. Ne4 Qxg4+ 33. hxg4 Rh2+ 34. Kg1 Rxe2 35. R1f2 Re1+ 36. Kg2 Rh8 37. Rh3 Rxh3 38. Kxh3 Re3+ 39. Kh4 g6 40. g5 Rxd3 41. Kg4 Re3 42. Rxf4 exf4 43. Kxf4 Re2 44. b4 Kc8 45. Kf3 Re1 46. Nf2 Rc1 47. Kf4 Rxc3 48. Ng4 Rc4+ 0-1

[Event "Florianopolis zt 2.4"]
[Site "Florianopolis"]
[Date "2017.04.28"]
[Round "3"]
[White "Miguel, Gabriel Carvalho Mo"]
[Black "Alboredo, Julia"]
[Result "1-0"]
[WhiteElo "2216"]
[BlackElo "2049"]
[PlyCount "111"]
[EventDate "2017.04.26"]
[EventType "swiss"]
[EventRounds "9"]
[EventCountry "BRA"]
[SourceTitle "CBM 178 Extra"]
[Source "ChessBase"]
[SourceDate "2017.06.22"]
[SourceVersion "1"]
[SourceVersionDate "2017.06.22"]
[SourceQuality "1"]

1. e4 c5 2. Nf3 d6 3. c3 Nf6 4. h3 Nc6 5. Bd3 d5 6. e5 Nd7 7. Bb5 e6 8. 0-0 Be7 9. d4 Qb6 10. Ba4 cxd4 11. cxd4 0-0 12. Nc3 f6 13. exf6 Nxf6 14. a3 Bd6 15. Re1 Bd7 16. b4 Rae8 17. Be3 Qd8 18. Bc2 e5 19. dxe5 Nxe5 20. Nxe5 Bxe5 21. Bd4 Qc7 22. Bb3 Kh8 23. Nxd5 Nxd5 24. Bxd5 Bc6 25. Bxc6 bxc6 26. Qh5 Bh2+ 27. Kh1 Rd8 28. Bc5 Bd6 29. Rac1 Bxc5 30. Qxc5 Qf4 31. Rc2 h6 32. Qxa7 Rd2 33. Rxd2 Qxd2 34. Qe3 Qxf2 35. Qxf2 Rxf2 36. Rc1 Ra2 37. Rc3 Kg8 38. Kh2 Kf7 39. h4 h5 40. Kg3 Ke7 41. Kf3 Kd6 42. g3 Ke5 43. Ke3 Rg2 44. Rc5+ Kd6 45. Kf3 Ra2 46. Ra5 Ke6 47. Kf4 Rf2+ 48. Ke4 Rg2 49. Rg5 Kf6 50. Kd4 Ra2 51. Kc5 Rxa3 52. Kxc6 Rc3+ 53. Kb7 Rb3 54. b5 g6 55. b6 Kf7 56. Kc6 1-0

[Event "Florianopolis op 3rd"]
[Site "Florianopolis"]
[Date "2017.01.21"]
[Round "3"]
[White "Hirota da Silva, Nilton Jose"]
[Black "Miguel, Gabriel Carvalho Mo"]
[Result "0-1"]
[WhiteElo "1938"]
[BlackElo "2164"]
[PlyCount "90"]
[EventDate "2017.01.20"]
[EventType "swiss"]
[EventRounds "10"]
[EventCountry "BRA"]
[SourceTitle "CBM 176 Extra"]
[Source "ChessBase"]
[SourceDate "2017.03.02"]
[SourceVersion "1"]
[SourceVersionDate "2017.03.02"]
[SourceQuality "1"]

1. d4 Nf6 2. e3 e6 3. f4 b6 4. Nf3 Be7 5. Bd3 0-0 6. 0-0 c5 7. c3 Ba6 8. Bxa6 Nxa6 9. Nbd2 d5 10. Ne5 Nb8 11. Rf3 Nfd7 12. Rh3 g6 13. Qg4 f5 14. Qg3 Nxe5 15. fxe5 Rf7 16. Nf3 Nd7 17. Bd2 Nf8 18. Rf1 Rg7 19. Rh6 a5 20. h4 c4 21. Ng5 Bxg5 22. hxg5 b5 23. Rh1 Qe7 24. Kh2 Nd7 25. Qf4 Nb6 26. Rf2 Na4 27. Be1 Rf7 28. Rhf1 Rff8 29. Rh1 b4 30. Kg3 Rfb8 31. Rh6 Rb7 32. Kf3 Rab8 33. cxb4 axb4 34. g3 b3 35. axb3 Rxb3 36. Rfh2 R8b7 37. Qh4 Qg7 38. Bc3 Nxb2 39. Bxb2 Rxb2 40. Rxb2 Rxb2 41. Qh1 Qa7 42. Rh2 Rxh2 43. Qxh2 Qa1 44. Qf2 Qb1 45. Kg2 c3 0-1

[Event "Brasilia Terraviva op"]
[Site "Brasilia"]
[Date "2017.01.08"]
[Round "5"]
[White "Miguel, Gabriel Carvalho Mo"]
[Black "Sa, Antonio Villar Marq"]
[Result "1/2-1/2"]
[WhiteElo "2164"]
[BlackElo "1896"]
[PlyCount "84"]
[EventDate "2017.01.06"]
[EventType "swiss"]
[EventRounds "6"]
[EventCountry "BRA"]
[SourceTitle "CBM 176 Extra"]
[Source "ChessBase"]
[SourceDate "2017.03.02"]
[SourceVersion "1"]
[SourceVersionDate "2017.03.02"]
[SourceQuality "1"]

1. e4 e5 2. Nf3 Nc6 3. Bc4 Bc5 4. c3 Nf6 5. b4 Bb6 6. d3 d6 7. Nbd2 a6 8. Bb3 h6 9. Nc4 Ba7 10. 0-0 0-0 11. a4 Be6 12. Re1 b5 13. Ne3 Bxb3 14. Qxb3 Qd7 15. Nf5 d5 16. Ng3 dxe4 17. dxe4 Rfd8 18. Be3 Bxe3 19. Rxe3 g6 20. Ree1 Kg7 21. h3 Qe8 22. Qa2 Rab8 23. Rad1 Rxd1 24. Rxd1 Rd8 25. Rxd8 Nxd8 26. axb5 axb5 27. Qa8 c6 28. Qb8 Nd7 29. Qd6 f6 30. Qc7 h5 31. Nd2 Kh6 32. Nb3 Nf8 33. Qd6 Nfe6 34. Na5 Kg7 35. Ne2 Kf7 36. f4 exf4 37. Nxf4 Nxf4 38. Qxf4 Qe5 39. Qd2 Qxe4 40. Qxd8 Qe1+ 41. Kh2 Qe5+ 42. Kg1 Qe1+ 1/2-1/2

[Event "Brasilia Terraviva op"]
[Site "Brasilia"]
[Date "2017.01.08"]
[Round "6"]
[White "Moraes Silva, Carlos Alessandro"]
[Black "Miguel, Gabriel Carvalho Mo"]
[Result "0-1"]
[WhiteElo "1943"]
[BlackElo "2164"]
[PlyCount "90"]
[EventDate "2017.01.06"]
[EventType "swiss"]
[EventRounds "6"]
[EventCountry "BRA"]
[SourceTitle "CBM 176 Extra"]
[Source "ChessBase"]
[SourceDate "2017.03.02"]
[SourceVersion "1"]
[SourceVersionDate "2017.03.02"]
[SourceQuality "1"]

1. d4 Nf6 2. c4 e6 3. Nf3 Bb4+ 4. Nbd2 d5 5. a3 Be7 6. Qc2 0-0 7. e4 dxe4 8. Nxe4 Nbd7 9. Ng3 b6 10. Be2 c5 11. dxc5 Nxc5 12. b4 Ncd7 13. 0-0 Qc7 14. Bb2 Bb7 15. Rad1 h6 16. Rd2 Rac8 17. Nd4 a6 18. Rfd1 Rfd8 19. h3 Ne5 20. Rc1 Qb8 21. Qb3 Ng6 22. Qe3 Bd6 23. Rcd1 Bf4 24. Qc3 Bxd2 25. Rxd2 Nh4 26. Bf1 Nd5 27. Qb3 Nf4 28. Qc3 f6 29. Nf3 Rxd2 30. Nxd2 Bxg2 31. Bxg2 Nhxg2 32. Nde4 Qe5 33. Qd2 Qc7 34. c5 bxc5 35. bxc5 Nh4 36. Qe3 e5 37. Qb3+ Kh8 38. Nd6 Rb8 39. Nf7+ Kh7 40. Qc2+ Kg8 41. Nd6 Qc6 42. Nge4 Qd5 43. Bc1 f5 44. c6 fxe4 45. c7 Qxd6 0-1

[Event "Brasilia Terraviva op"]
[Site "Brasilia"]
[Date "2017.01.06"]
[Round "1"]
[White "Miguel, Gabriel Carvalho Mo"]
[Black "Penha, Evelyn Maximiano"]
[Result "1-0"]
[WhiteElo "2164"]
[BlackElo "1634"]
[PlyCount "77"]
[EventDate "2017.01.06"]
[EventType "swiss"]
[EventRounds "6"]
[EventCountry "BRA"]
[SourceTitle "CBM 176 Extra"]
[Source "ChessBase"]
[SourceDate "2017.03.02"]
[SourceVersion "1"]
[SourceVersionDate "2017.03.02"]
[SourceQuality "1"]

1. e4 c5 2. Nf3 e6 3. d4 cxd4 4. Nxd4 a6 5. Nc3 Qc7 6. Be3 Bb4 7. Nde2 Nf6 8. a3 Bc5 9. Bxc5 Qxc5 10. Qd4 Qxd4 11. Nxd4 Nc6 12. Nb3 0-0 13. 0-0-0 Rd8 14. Be2 d5 15. exd5 exd5 16. Bf3 Be6 17. Rhe1 d4 18. Bxc6 Bxb3 19. Bxb7 Ra7 20. Bxa6 Bxc2 21. Kxc2 Rxa6 22. Rd2 Rad6 23. Ne4 Nxe4 24. Rxe4 f5 25. Re5 d3+ 26. Kd1 g6 27. Rc5 Rb6 28. b4 Ra6 29. Rc3 Rad6 30. Rb2 Re8 31. Rbb3 Re2 32. Rxd3 Rxd3+ 33. Rxd3 Rxf2 34. Rd2 Rf4 35. b5 Ra4 36. b6 Ra8 37. b7 Rb8 38. Rd7 h6 39. Rc7 1-0

[Event "Florianopolis op 2nd"]
[Site "Florianopolis"]
[Date "2016.01.17"]
[Round "2"]
[White "Ferreira, Jose Carlos"]
[Black "Miguel, Gabriel Carvalho Mo"]
[Result "0-1"]
[WhiteElo "1891"]
[BlackElo "2191"]
[PlyCount "80"]
[EventDate "2016.01.16"]
[EventType "swiss"]
[EventRounds "10"]
[EventCountry "BRA"]
[SourceTitle "CBM 170 Extra"]
[Source "ChessBase"]
[SourceDate "2016.02.25"]
[SourceVersion "1"]
[SourceVersionDate "2016.02.25"]
[SourceQuality "1"]

1. d4 Nf6 2. c4 e6 3. Nc3 Bb4 4. e3 b6 5. Nge2 Bb7 6. a3 Be7 7. Ng3 0-0 8. e4 d6 9. Be2 Nfd7 10. 0-0 c5 11. d5 Re8 12. b3 Bf6 13. Qc2 exd5 14. exd5 b5 15. Rb1 bxc4 16. bxc4 Ba6 17. Nb5 Nb6 18. Ne4 Be5 19. g3 h6 20. Bg4 Bxb5 21. Rxb5 N8d7 22. Bb2 Bxb2 23. Bxd7 Qxd7 24. Rxb2 f5 25. Nd2 Re2 26. Qd3 Rae8 27. Rfb1 Qf7 28. Nf3 R2e7 29. Kg2 Qf6 30. h3 g5 31. Rc2 Re4 32. Rbc1 R8e7 33. Nd2 Rd4 34. Qb3 g4 35. Rh1 Re2 36. Qb2 Qe5 37. Qc1 Qe3 38. Rf1 Rdxd2 39. Rxd2 Rxd2 40. hxg4 Rxf2+ 0-1

[Event "Florianopolis op 2nd"]
[Site "Florianopolis"]
[Date "2016.01.17"]
[Round "3"]
[White "Miguel, Gabriel Carvalho Mo"]
[Black "Delgado Ramirez, Neuris"]
[Result "0-1"]
[WhiteElo "2191"]
[BlackElo "2609"]
[PlyCount "69"]
[EventDate "2016.01.16"]
[EventType "swiss"]
[EventRounds "10"]
[EventCountry "BRA"]
[SourceTitle "CBM 170 Extra"]
[Source "ChessBase"]
[SourceDate "2016.02.25"]
[SourceVersion "1"]
[SourceVersionDate "2016.02.25"]
[SourceQuality "1"]

1. e4 c5 2. Nf3 d6 3. Bb5+ Bd7 4. Bxd7+ Nxd7 5. d4 e6 6. c4 cxd4 7. Qxd4 Ngf6 8. 0-0 a6 9. Nc3 Rc8 10. b3 Be7 11. Bb2 0-0 12. h3 Qa5 13. Qd2 Qh5 14. Rad1 b5 15. cxb5 axb5 16. Rfe1 b4 17. Na4 Qb5 18. e5 dxe5 19. Nxe5 Rfd8 20. Qf4 Nxe5 21. Rxd8+ Rxd8 22. Bxe5 h6 23. Bb2 Nd5 24. Qf3 Bf6 25. Bxf6 Nxf6 26. Qe3 Nd5 27. Qd2 Qb8 28. Rd1 Rc8 29. Rc1 Rxc1+ 30. Qxc1 Qe5 31. Qc8+ Kh7 32. Qc2+ f5 33. Nc5 Qe1+ 34. Kh2 Nf4 35. Kg3 0-1

[Event "Florianopolis op 2nd"]
[Site "Florianopolis"]
[Date "2016.01.16"]
[Round "1"]
[White "Miguel, Gabriel Carvalho Mo"]
[Black "Fischer, Patricia Helena"]
[Result "1-0"]
[WhiteElo "2191"]
[BlackElo "1694"]
[PlyCount "63"]
[EventDate "2016.01.16"]
[EventType "swiss"]
[EventRounds "10"]
[EventCountry "BRA"]
[SourceTitle "CBM 170 Extra"]
[Source "ChessBase"]
[SourceDate "2016.02.25"]
[SourceVersion "1"]
[SourceVersionDate "2016.02.25"]
[SourceQuality "1"]

1. e4 e5 2. Nf3 d5 3. exd5 e4 4. Qe2 Nf6 5. d3 Qxd5 6. Nbd2 Be7 7. dxe4 Qe6 8. Qc4 Nc6 9. Qxe6 Bxe6 10. Bb5 Bd7 11. 0-0 0-0-0 12. c3 h5 13. Re1 Ng4 14. h3 Nge5 15. Bxc6 Nxc6 16. Nb3 g5 17. Bxg5 Bxg5 18. Nxg5 Rdg8 19. h4 f6 20. Nf3 Bg4 21. Nbd4 Bh3 22. g3 Ne7 23. Kh2 Bg4 24. b4 Rg7 25. e5 fxe5 26. Nxe5 Nd5 27. Rac1 Rf8 28. Nxg4 Rxg4 29. f3 Rg6 30. Re5 Nf6 31. Rce1 Rfg8 32. Nf5 1-0

[Event "Americana Paulista Interior"]
[Site "Americana"]
[Date "2007.10.14"]
[Round "6"]
[White "Miguel, Gabriel Carvalho Mo"]
[Black "Massarioli, Felipe Alvarenga"]
[Result "1-0"]
[WhiteElo "2193"]
[BlackElo "2044"]
[PlyCount "71"]
[EventDate "2007.10.12"]
[EventType "swiss"]
[EventRounds "6"]
[EventCountry "BRA"]
[SourceTitle "EXT 2022"]
[Source "ChessBase"]
[SourceDate "2021.10.06"]
[SourceVersion "1"]
[SourceVersionDate "2021.10.06"]
[SourceQuality "1"]

1. e4 c6 2. d4 d5 3. Nc3 dxe4 4. Nxe4 Bf5 5. Ng3 Bg6 6. Nf3 Nd7 7. h4 h6 8. h5 Bh7 9. Bd3 Bxd3 10. Qxd3 Ngf6 11. Bd2 Qb6 12. 0-0-0 0-0-0 13. Ne4 e6 14. Nxf6 Nxf6 15. Qe2 Qc7 16. Kb1 Rd5 17. c4 Rxh5 18. Rxh5 Nxh5 19. d5 Nf4 20. Bxf4 Qxf4 21. dxc6 bxc6 22. Ne5 c5 23. Ka1 Be7 24. Ng6 fxg6 25. Qxe6+ Kb8 26. Qxe7 Rc8 27. Qxg7 Qxc4 28. Qxg6 Qe2 29. Qd6+ Kb7 30. Qd5+ Kb8 31. f4 c4 32. a3 c3 33. bxc3 Rxc3 34. Qd8+ Kb7 35. Rb1+ Ka6 36. Qd6+ 1-0